00423nam a2200169Ia 4500003000400000008004100004040001600045082001300061100001600074245003400090260004600124300001000170490002400180650001500204650001200219650002200231GCL140319s9999 xx 000 0 eng d aGCL / cGCL04a843bG P1 aGENET, JEAN10aLES PURAVENTS / cGENET, JEAN a[S.N] : bMARC BARBEZAT-LARBALB ، c1976 a276 P aCOLLECTION FOLIOv004aLITERATURE04aFICTION04aFRENCH LITERATURE